|
|
|
|
| LEADER |
00711nam a2200157Ia 4500 |
| 001 |
TDMU_37577 |
| 008 |
210410s9999 xx 000 0 und d |
| 082 |
|
|
|a 398.2089
|
| 100 |
|
|
|a Berto, Alessandra
|
| 245 |
|
0 |
|a Current challenges and possible solutions to improve access to care and treatment for hepatitis C infection in Vietnam: a systematic review
|
| 245 |
|
0 |
|c Alessandra Berto, Jeremy Day, Nguyen Van Vinh Chau...[và nh.ng.kh.]
|
| 300 |
|
|
|a Tr.1-10
|
| 650 |
|
|
|a Y dược; Hepatitis C virus; Treatment access; Epidemiology, Vietnam
|
| 700 |
|
|
|a Day,Jeremy
|
| 856 |
|
|
|u http://lrc.tdmu.edu.vn/opac/search/detail.asp?aID=2&ID=37577
|
| 980 |
|
|
|a Trung tâm Học liệu Trường Đại học Thủ Dầu Một
|